| 000 | 00368nam a22001337a 4500 | ||
|---|---|---|---|
| 020 | _a 9787508542478 | ||
| 040 | _cNUST CL | ||
| 082 |
_a320.0951 _bJIA |
||
| 100 |
_a Chen, Jian _983145 |
||
| 245 |
_aContemporary China's politics / _cJian Chen |
||
| 260 |
_bChina Intercontinental Press , _c2020. |
||
| 300 | _a308 pages : illustrations ; 23 cm. | ||
| 942 |
_2ddc _cBK |
||
| 999 |
_c586514 _d586514 |
||